Statistics for Landforms Quiz

Click here to take the quiz!

General Stats

  • This quiz has been taken 55,470 times
    (41,361 since last reset)
  • The average score is 20 of 30

Answer Stats

Land Forms % Correct
{Mount} Kilimanjaro
97%
Pacific {Ocean}
97%
Mediterranean {Sea}
97%
Niagara {Falls}
93%
Suez {Canal}
93%
Amazon {River}
92%
Great Barrier {Reef}
91%
{Gulf} of Mexico
87%
Bering {Strait}
82%
{Bay} of Bengal
82%
Kalahari {Desert}
81%
{Cape} of Good Hope
80%
English {Channel}
78%
Iberian {Peninsula}
77%
San Andreas {Fault}
75%
White {Cliffs} of Dover
74%
{Lake} Baikal
72%
Baffin {Island}
71%
Mariana {Trench}
66%
Bunker {Hill}
63%
San Fernando {Valley}
58%
Puget {Sound}
58%
Bikini {Atoll}
49%
Tibetan {Plateau}
40%
{Isthmus} of Panama
36%
Meteor {Crater}
35%
Walden {Pond}
34%
Carlsbad {Caverns}
33%
{Key} Biscayne
20%
Arenal {Volcano}
20%

Score Distribution

Percentile by Number Answered

Percent of People with Each Score

Your Score History

You have not taken this quiz since the last reset